Visualizzazione normale
Vista MARC
- Bunuel Luis
di Personal Name
Records bibliografici associati: 1
001 - CONTROL NUMBER
- control field: 46797
003 - CONTROL NUMBER IDENTIFIER
- control field: IT-RoPau
005 - DATE AND TIME OF LATEST TRANSACTION
- control field: 20151130214444.0
008 - FIXED-LENGTH DATA ELEMENTS
- fixed length control field: 151130|| aca||aabn | a|a d
040 ## - CATALOGING SOURCE
- Original cataloging agency: IT-RoPau
- Transcribing agency: IT-RoPau
100 ## - HEADING--PERSONAL NAME
- Personal name: Bunuel Luis
- Relator term: (soggetto)
- Miscellaneous information: Codice Soggetto SPICS: 8694
670 ## - SOURCE DATA FOUND
- Source citation: Work cat.: (IT-RoPau)106420: Bunuel Luis Codice regista SPICS: 8694 36748, FIGLI DELLA VIOLENZA (I) FIGLI DELLA VIOLENZA (I) (Rif. Codice opera principale : 21479)